8 mots dans mots : sol (mort subite) - Statistiques

Statistiques générales
  • Ce quiz a été pris 39 fois
  • Le résultat moyen est 6 sur 8
Answers on the Grid
Answers color-coded by a green-red scale on the quiz's grid according to % correct below.
In---ubiliser
Dé---idariser
Saint-su---cien
Recon---ider
Vice-c---ulat
I---ationniste
Ré---ter
En---eiller
Sulfoc---onique
Débous---er
Pé---sulaire
Co---lter
In---vabilité
Incu---tion
Bain - de - ---eil
Insuli---hérapie
 
Statistiques - réponses
Réponse % Correct
Dé---idariser
90%
En---eiller
90%
Recon---ider
90%
Bain - de - ---eil
81%
In---vabilité
77%
Débous---er
74%
In---ubiliser
48%
I---ationniste
42%
Aucun quiz correspondant
Distribution des résultats
% des personnes avec chaque résultat
Percentile par nombre de réponses
Votre historique - résultats
Vous n’avez pas pris ce quiz